000 01213nam a22002897a 4500
003 PE SENCICO BE
005 20251020182649.0
008 240111b |||||||| |||| 00| 0 eng d
040 _aPE SENCICO BE
_cPE SENCICO BE
041 _aspa
084 _aI
_aDIS
_a2014
_bO26
100 1 _91872
_aObregon Tineo, Elsa Milagros
_eautor
245 1 _aProceso de anteproyecto para el diseño interior /
_cObregón Tineo, Elsa Milagros
246 _aProceso de anteproyecto para el desarrollo de restaurant
260 _aLima :
_c2014
300 _a60 h. :
_bil. col. ;
_c30 cm.
500 _aTexto en dos volúmenes. El volumen 2 contiene planos (30 x 40 cm.).
502 _aMonografía de Titulación.-- Servicio Nacional de Capacitación para la Industria de la Construcción. Escuela Superior Técnica. Carrera Profesional Técnica en Diseño de Interiores, 2014
650 1 0 _944
_aDiseño de interiores
650 2 0 _91800
_aAntropometría
650 2 0 _963
_aIluminación
650 2 0 _925
_aDecoración de interiores
650 2 0 _9615
_aPlanos
710 1 _aServicio Nacional de Capacitación para la Industria de la Construcción.
_bEscuela Superior Técnica
_91065
910 _bhfp
_chfp
942 _cMON
999 _c4500
_d4500